000 00519nam a22001817a 4500
005 20251108170843.0
008 250721s1992 xx 000 0 ara d
082 1 4 _a808.8/سمي
100 1 _aشيخاني، سميرة
245 1 0 _aخمسة الآف قول في المرآة والرجل /
264 _bدار الجيل،
_c1992.
650 1 7 _aالأقوال المأثورة
650 1 7 _aالرجال
650 1 7 _aالمرآة
650 1 7 _aالأدب العربي
942 _2ddc
_cBK
999 _c50580
_d50580